Bezpečnější mír pro národy Evropy i celého světa Dokumenty ze zasedání politického poradního výboru členských států Varšavské smlouvy Budapešť 10. a 11. června 1986
Guardado en:
| Formato: | Libro |
|---|---|
| Lenguaje: | checo |
| Publicado: |
Praha
Svoboda
1986
|
| Edición: | 1. vyd. |
| Etiquetas: |
Sin Etiquetas, Sea el primero en etiquetar este registro!
|
MARC
| LEADER | 00000nam a2200000 4500 | ||
|---|---|---|---|
| 001 | c035199 | ||
| 005 | 20230105083735.9 | ||
| 041 | 0 | |a cze | |
| 044 | |a CZ | ||
| 245 | 1 | 0 | |a Bezpečnější mír pro národy Evropy i celého světa |b Dokumenty ze zasedání politického poradního výboru členských států Varšavské smlouvy Budapešť 10. a 11. června 1986 |
| 250 | |a 1. vyd. | ||
| 264 | 1 | |a Praha |b Svoboda |c 1986 | |
| 300 | |a 22 s. | ||